| 000 | 02141nam a2200433 a 4500 | ||
|---|---|---|---|
| 001 | ebr10516649 | ||
| 003 | CaPaEBR | ||
| 006 | m u | ||
| 007 | cr cn||||||||| | ||
| 008 | 110316s2007 vauab sb 101 0 eng d | ||
| 010 | _z 2011286630 | ||
| 020 | _z1563479192 | ||
| 020 | _z9781563479199 | ||
| 020 | _z9781600864704 (e-book) | ||
| 040 |
_aCaPaEBR _cCaPaEBR |
||
| 035 | _a(OCoLC)652389369 | ||
| 050 | 1 | 4 |
_aTL787 _b.I525 2008eb |
| 111 | 2 |
_aInternational Symposium on Space Mission Operations and Ground Data Systems _n(9th : _d2006 : _cRome, Italy) |
|
| 245 | 1 | 0 |
_aSpace operations _h[electronic resource] : _bmission management, technologies, and current applications / _cedited by Loredana Bruca, J. Paul Douglas, Trevor Sorensen. |
| 260 |
_aReston, Va. : _bAmerican Institute of Aeronautics and Astronautics, _cc2007. |
||
| 300 |
_axxviii, 662 p. : _bill. (some col.), maps. |
||
| 490 | 1 |
_aProgress in astronautics and aeronautics ; _vv. 220 |
|
| 500 | _aPapers presented during the ninth biennial SpaceOps Symposium in June 2006 in Rome. | ||
| 504 | _aIncludes bibliographical references and indexes. | ||
| 505 | 0 | _aMission management -- Standards -- Ground systems -- Communications and tracking -- Automation -- Planning tools and advanced technologies -- Earth-orbiting missions -- Moon Mars, and beyond -- Operations expenses. | |
| 533 |
_aElectronic reproduction. _bPalo Alto, Calif. : _cebrary, _d2013. _nAvailable via World Wide Web. _nAccess may be limited to ebrary affiliated libraries. |
||
| 650 | 0 |
_aAstronautics _vCongresses. |
|
| 650 | 0 |
_aSpace flight _vCongresses. |
|
| 650 | 0 |
_aGround support systems (Astronautics) _vCongresses. |
|
| 650 | 0 |
_aSpace vehicles _xPiloting _vCongresses. |
|
| 650 | 0 |
_aAeronautics _vCongresses. |
|
| 655 | 7 |
_aElectronic books. _2local |
|
| 700 | 1 | _aBruca, Loredana. | |
| 700 | 1 | _aDouglas, J. Paul. | |
| 700 | 1 | _aSorensen, Trevor. | |
| 710 | 2 | _aebrary, Inc. | |
| 830 | 0 |
_aProgress in astronautics and aeronautics ; _vv. 220. |
|
| 856 | 4 | 0 |
_uhttp://site.ebrary.com/lib/rucke/Doc?id=10516649 _zAn electronic book accessible through the World Wide Web; click to view |
| 999 |
_c121182 _d121182 |
||